| 000 | 00392nam a22001217a 4500 | ||
|---|---|---|---|
| 082 | _a220 PRO | ||
| 100 |
_aNS FIZZA AKRAM PC MYRA FAISAL PC RUSHMAH SALEEM NS USMAN FAKHAR _972969 |
||
| 245 | _aPR-SOF-1880-Patient Experience Management | ||
| 260 |
_aISLAMABAD _bNUST COLLEGE OF EME _c2020 |
||
| 650 |
_aDE-COMP-38 _972970 |
||
| 700 |
_aDR. SHOAB A. KHAN DR. ARSLAN SHAUKAT _972971 |
||
| 942 | _cCR | ||
| 999 |
_c578898 _d578898 |
||